000 01205nam a22001697a 4500
003 SPCLIB
005 20260423091920.0
008 260423b |||||||| |||| 00| 0 eng d
040 _c..
100 _aGaloso, Olivia A.
245 _aCONFLICT MANAGEMENT STYLES AND TEACHERS' PERFORMANCE IN ELEMENTARY SCHOOLS OF OPOL DISTRICT
_cOlivia A. Galoso
260 _c2022.
300 _a94 pages:
_bcolored illustration:
520 _aThe study aimed to determine the conflict management styles of school heads and teachers' performance in Opol District in the Division of Misamis Oriental for the School Year 2020-2021. Specifically, the study sought to find out the extent of conflict management styles of the school head in terms of accommodating, avoiding, collaborating, competing; and compromising, the level of teachers' performance for School Year 2020-2021, and the significant relationship between the extent of conflict management styles and teachers' performance.
650 _2CONFLICT MANAGEMENT STYLES AND TEACHERS' PERFORMANCE IN ELEMENTARY SCHOOLS OF OPOL DISTRICT
_aCONFLICT MANAGEMENT STYLES AND TEACHERS' PERFORMANCE IN ELEMENTARY SCHOOLS OF OPOL DISTRICT-PHILIPPINES
942 _cTHESES
_iBook
999 _c79
_d79